书目信息 |
| 题名: |
学习《毛泽东选集》第五卷参考资料
|
|
| 作者: | 学习《毛泽东选集》第五卷参考资料编写组 编 | |
| 分册: | ||
| 出版信息: | 石家庄 河北人民出版社 1977 |
|
| 页数: | 202页 | |
| 开本: | 20cm | |
| 丛书名: | ||
| 单 册: | ||
| 中图分类: | A841.1 | |
| 科图分类: | ||
| 主题词: | 毛泽东著作--学习 , 毛泽东著作研究 | |
| 电子资源: | ||
| ISBN: | ||
| 000 | 00784nam0 2200205 450 | |
| 001 | 0655179484 | |
| 005 | 20060808091646.20 | |
| 010 | @dCNY0.36 | |
| 100 | @a20060719d1977 km y0chiy0120 ea | |
| 101 | 0 | @achi |
| 102 | @aCN@b130000 | |
| 200 | 1 | @a学习《毛泽东选集》第五卷参考资料@Axue xi《mao ze dong xuan ji》di wu juan can kao zi liao@f学习《毛泽东选集》第五卷参考资料编写组编@Fxue xi《mao ze dong xuan ji》di wu juan can kao zi liao bian xie zu bian |
| 210 | @a石家庄@c河北人民出版社@d1977 | |
| 215 | @a202页@d20cm | |
| 606 | 0 | @a毛泽东著作@x学习 |
| 606 | 0 | @a毛泽东著作研究 |
| 690 | @aA841.1@v3 | |
| 701 | 0 | @a学习《毛泽东选集》第五卷参考资料编写组@Axue xi《mao ze dong xuan ji》di wu juan can kao zi liao bian xie zu@4编 |
| 801 | 0 | @aCN@bPFT@c20060808 |
| 905 | @a10447@dA841.1@e59 | |
| 学习《毛泽东选集》第五卷参考资料/学习《毛泽东选集》第五卷参考资料编写组编.-石家庄:河北人民出版社,1977 |
| 202页;20cm |
| ISBN :CNY0.36 |
| ● |
| 相关链接 |
|
|
|
|
正题名:学习《毛泽东选集》第五卷参考资料
索取号:A841.1/59
 
预约/预借
| 序号 | 登录号 | 条形码 | 馆藏地/架位号 | 状态 | 备注 |
| 1 | 0424333 | 204243336 | 密集书库/ [索取号:A841.1/59] | 在馆 | |
| 2 | 0424337 | 204243372 | 密集书库/ [索取号:A841.1/59] | 在馆 | |
| 3 | 0424341 | 204243416 | 密集书库/ [索取号:A841.1/59] | 在馆 | |
| 4 | 0447256 | 204472560 | 密集书库/ [索取号:A841.1/59] | 在馆 |